Statistics for TV Series from emojis

Click here to take the quiz!

General Stats

  • This quiz has been taken 147 times
  • The average score is 4 of 10

Answer Stats

EmojisAnswer% Correct
๐Ÿฒ๐Ÿ‘ธ๐Ÿผ๐Ÿง”๐Ÿปโ€โ™€๏ธโš”๏ธ๐Ÿบ๐Ÿงฑ๐ŸงŸGame of Thrones
76%
๐Ÿ‘ฉ๐Ÿปโ€๐Ÿณ๐Ÿ˜†๐Ÿคท๐Ÿป๐Ÿ›‹๏ธ๐Ÿ’๐Ÿปโ€โ™‚๏ธ๐Ÿ‘ฐโ€โ™€๏ธ๐Ÿ‘ฑ๐Ÿผโ€โ™€๏ธ๐ŸŽธFriends
58%
๐Ÿฆ‘๐Ÿ’ฐ๐Ÿƒ๐Ÿปโ€โ™‚๏ธ๐ŸŽฎ๐Ÿ‘ด๐Ÿ”ด๐Ÿ”บ๐ŸŸฅSquid Game
58%
๐Ÿฅธ๐Ÿ‘จโš—๏ธ๐Ÿงช๐ŸšBreaking Bad
53%
๐Ÿข๐Ÿ‘จโ€๐Ÿ’ผ๐Ÿค๐Ÿง‘๐Ÿปโ˜•๐Ÿ‘ฉโ€๐Ÿ’ผThe Office
51%
๐Ÿง”๐Ÿปโ€โ™‚๏ธ๐Ÿ“š๐Ÿ‘ฉ๐Ÿงข๐Ÿ‘€๐Ÿ”ช๐ŸฉธYou
40%
๐Ÿฆ๐Ÿง‘โ€๐Ÿš’๐ŸŽญ๐Ÿ’ฐ๐Ÿ‘ฎโ€โ™€๏ธMoney Heist
35%
๐Ÿ‘ฉโ€๐Ÿฆฒ ๐Ÿ‘พ๐Ÿšด ๐Ÿšด๐Ÿšด๐Ÿฝโ€โ™‚๏ธ๐Ÿ‘ฉโ€๐Ÿ‘ฆ๐Ÿ•ต๏ธStranger Things
29%
๐Ÿง’๐ŸŒณ๐Ÿ“†๐Ÿ”๐Ÿญโ˜ข๏ธ๐Ÿ•ฐ๏ธDark
21%
๐Ÿคต๐Ÿปโ€โ™€๏ธโœŒ๐Ÿผ๐Ÿฐ๐Ÿคบ๐ŸŽป๐ŸงŒWednesday
17%

Score Distribution

Percentile by Number Answered

Percent of People with Each Score

Your Score History

You have not taken this quiz